[Event "ITA-ch Seniors 34th"]
[Site "Arvier"]
[Date "2012.04.17"]
[Round "4"]
[White "Jeanrenaud, Antonia"]
[Black "Bonino, Silvano"]
[Result "1-0"]
[WhiteElo "1597"]
[BlackElo "1516"]
[PlyCount "59"]
[EventDate "2012.04.14"]
[EventType "swiss"]
[EventRounds "9"]
[EventCountry "ITA"]
[SourceTitle "CBM 148 Extra"]
[Source "ChessBase"]
[SourceDate "2012.06.22"]
[SourceVersion "1"]
[SourceVersionDate "2012.06.22"]
[SourceQuality "1"]

1. e4 c6 2. d4 d5 3. e5 Bf5 4. Bd3 Bxd3 5. Qxd3 e6 6. Nf3 Be7 7. 0-0 Nd7 8. Bd2 f6 9. a3 Qc7 10. exf6 Ngxf6 11. Bb4 Bxb4 12. axb4 Ng4 13. Nbd2 0-0 14. h3 Ngf6 15. Ng5 Rfe8 16. Rfe1 e5 17. dxe5 Nxe5 18. Qb3 a6 19. Ngf3 Re7 20. Nxe5 Rxe5 21. Nf3 Rxe1+ 22. Rxe1 Re8 23. Rxe8+ Nxe8 24. c4 Nf6 25. b5 axb5 26. cxd5 Nxd5 27. Nd4 Qe5 28. Nxb5 cxb5 29. Qxb5 Nf6 30. Qxe5 1-0

[Event "ITA-ch Seniors 31st"]
[Site "Arvier"]
[Date "2009.05.02"]
[Round "9"]
[White "Jeanrenaud, Antonia"]
[Black "Lisandri, Luigi"]
[Result "1-0"]
[WhiteElo "1455"]
[BlackElo "1458"]
[PlyCount "91"]
[EventDate "2009.04.24"]
[EventType "swiss"]
[EventRounds "9"]
[EventCountry "ITA"]
[SourceTitle "EXT 2011"]
[Source "ChessBase"]
[SourceDate "2010.11.26"]
[SourceVersion "1"]
[SourceVersionDate "2010.11.26"]
[SourceQuality "1"]

1. e4 e6 2. Nf3 b6 3. d4 Ba6 4. Nbd2 Qc8 5. Be2 Bxe2 6. Qxe2 Qa6 7. c4 Bb4 8. 0-0 Bxd2 9. Bxd2 Ne7 10. Rfe1 0-0 11. b3 h6 12. Bc3 Ng6 13. Qe3 Nc6 14. Bb2 Rfe8 15. Qc3 Qa5 16. Qc2 Qh5 17. a3 Nh4 18. Nxh4 Qxh4 19. Qc3 f6 20. Qf3 Rf8 21. Re3 Qg5 22. d5 Ne5 23. Qg3 Rf7 24. f4 Qxg3 25. Rxg3 Nxc4 26. bxc4 Kh7 27. Rf3 Re8 28. e5 f5 29. d6 c5 30. Rb3 Rb8 31. a4 a5 32. Ba3 Rff8 33. Rb5 Rb7 34. Bxc5 Rfb8 35. Bf2 g5 36. fxg5 hxg5 37. c5 Rc8 38. cxb6 Rc2 39. Rxa5 f4 40. Ra7 Rxa7 41. bxa7 Rc8 42. Rb1 Kg6 43. Rb7 Rc1+ 44. Be1 Rxe1+ 45. Kf2 Rxe5 46. a8Q 1-0

[Event "ITA-ch Seniors 31st"]
[Site "Arvier"]
[Date "2009.04.27"]
[Round "4"]
[White "Di Cicco, Daniela"]
[Black "Jeanrenaud, Antonia"]
[Result "0-1"]
[WhiteElo "1589"]
[BlackElo "1455"]
[PlyCount "116"]
[EventDate "2009.04.24"]
[EventType "swiss"]
[EventRounds "9"]
[EventCountry "ITA"]
[SourceTitle "EXT 2011"]
[Source "ChessBase"]
[SourceDate "2010.11.26"]
[SourceVersion "1"]
[SourceVersionDate "2010.11.26"]
[SourceQuality "1"]

1. d4 d5 2. Bf4 Nc6 3. c3 e6 4. Nf3 Bd6 5. Bxd6 Qxd6 6. e3 Nf6 7. Bd3 e5 8. dxe5 Nxe5 9. Nxe5 Qxe5 10. h3 0-0 11. 0-0 b6 12. Qf3 Rb8 13. Re1 Bb7 14. Qf5 Qd6 15. Qf4 Qc6 16. Bf1 Qd7 17. Nd2 c5 18. Rac1 Rfe8 19. Nf3 Rbc8 20. Ne5 Qe6 21. Ng4 Nxg4 22. hxg4 g6 23. g5 Qe5 24. Bb5 Bc6 25. Bxc6 Rxc6 26. Qxe5 Rxe5 27. f4 Re4 28. Kf2 Kg7 29. Re2 h6 30. gxh6+ Kxh6 31. Rh1+ Kg7 32. g4 Rce6 33. g5 f6 34. Rg1 d4 35. cxd4 cxd4 36. gxf6+ Kxf6 37. Rge1 dxe3+ 38. Rxe3 Rxf4+ 39. Kg3 Rxe3+ 40. Rxe3 Kf5 41. Re7 Rb4 42. b3 a5 43. Ra7 Rd4 44. Rf7+ Kg5 45. Rf3 b5 46. Rc3 Kh6 47. Kf3 a4 48. a3 g5 49. Ke3 Rh4 50. Rc6+ Kh5 51. bxa4 bxa4 52. Kd2 Rh3 53. Rc3 Rxc3 54. Kxc3 g4 55. Kd3 Kh4 56. Ke3 g3 57. Ke2 Kh3 58. Kf1 Kh2 0-1

[Event "Cutro op-B 11th"]
[Site "Cutro"]
[Date "2005.04.28"]
[Round "5"]
[White "Camposano, Francesco"]
[Black "Jeanrenaud, Antonia"]
[Result "1-0"]
[WhiteElo "1455"]
[BlackElo "1407"]
[PlyCount "103"]
[EventDate "2005.04.23"]
[EventType "swiss"]
[EventRounds "5"]
[EventCountry "ITA"]
[SourceTitle "CBM 106 Extra"]
[Source "ChessBase"]
[SourceDate "2005.07.01"]
[SourceVersion "1"]
[SourceVersionDate "2005.07.01"]
[SourceQuality "1"]

1. d4 d5 2. g3 e6 3. Nd2 Nf6 4. c4 c6 5. Bg2 Bb4 6. c5 b5 7. a3 Ba5 8. b4 Bc7 9. Ngf3 Nbd7 10. 0-0 0-0 11. Nb3 e5 12. dxe5 Nxe5 13. Bg5 Nxf3+ 14. Bxf3 Be5 15. Rc1 h6 16. Bxf6 Qxf6 17. a4 a6 18. Qe1 Bh3 19. Bg2 Bxg2 20. Kxg2 Bc7 21. a5 Rad8 22. e3 Qe6 23. Qc3 Be5 24. Qd3 Qf6 25. f4 Bc7 26. Qd4 Qf5 27. Rfe1 Rfe8 28. Qd2 h5 29. Nd4 Qf6 30. h4 g5 31. hxg5 Qg6 32. Qc2 Re4 33. Qd1 f6 34. Nxc6 Rd7 35. gxf6 Qxf6 36. Nd4 Qg6 37. Rh1 Rh7 38. Qf3 h4 39. Rcd1 Bd8 40. Ne2 Rhe7 41. Rxh4 Rg7 42. Rhh1 Qf5 43. Rh5 Qe6 44. Rhxd5 Bh4 45. f5 Qe8 46. R1d3 Kh7 47. f6 Rgg4 48. f7 Rxg3+ 49. Nxg3 Bxg3 50. fxe8Q Rxe8 51. Qxg3 Rg8 52. Rh5# 1-0

[Event "Cutro op-B 11th"]
[Site "Cutro"]
[Date "2005.04.27"]
[Round "4"]
[White "Jeanrenaud, Antonia"]
[Black "Carabetta, Alfredo"]
[Result "0-1"]
[WhiteElo "1407"]
[BlackElo "1497"]
[PlyCount "58"]
[EventDate "2005.04.23"]
[EventType "swiss"]
[EventRounds "5"]
[EventCountry "ITA"]
[SourceTitle "CBM 106 Extra"]
[Source "ChessBase"]
[SourceDate "2005.07.01"]
[SourceVersion "1"]
[SourceVersionDate "2005.07.01"]
[SourceQuality "1"]

1. e4 Nf6 2. d3 d5 3. Nd2 e5 4. Ngf3 Nc6 5. Be2 d4 6. c3 Bc5 7. cxd4 Bxd4 8. 0-0 h6 9. Nb3 0-0 10. Nbxd4 Nxd4 11. Nxe5 Nxe2+ 12. Qxe2 Re8 13. Nf3 b6 14. b3 Ba6 15. Rd1 Nxe4 16. Bb2 Nc3 17. Qd2 Nxd1 18. Rxd1 Qd5 19. Qc3 f6 20. Qxc7 Rec8 21. Qg3 Qf7 22. Nd4 Qc7 23. Qg6 Re8 24. Nf5 Bxd3 25. Bxf6 Bxf5 26. Bxg7 Bxg6 27. Bxh6 Qc2 28. Rc1 Qxc1+ 29. Bxc1 Re1# 0-1

[Event "Cutro op-B 11th"]
[Site "Cutro"]
[Date "2005.04.26"]
[Round "3"]
[White "Policastrese, Domenico"]
[Black "Jeanrenaud, Antonia"]
[Result "0-1"]
[WhiteElo "1449"]
[BlackElo "1407"]
[PlyCount "106"]
[EventDate "2005.04.23"]
[EventType "swiss"]
[EventRounds "5"]
[EventCountry "ITA"]
[SourceTitle "CBM 106 Extra"]
[Source "ChessBase"]
[SourceDate "2005.07.01"]
[SourceVersion "1"]
[SourceVersionDate "2005.07.01"]
[SourceQuality "1"]

1. e4 e5 2. Nf3 d6 3. d3 Nf6 4. Be3 Be7 5. Be2 Be6 6. 0-0 d5 7. Nc3 d4 8. Bd2 dxc3 9. Bxc3 Nbd7 10. Bxe5 Nxe5 11. Nxe5 0-0 12. Bh5 Bd6 13. Nc4 Bxc4 14. dxc4 Nxh5 15. Qxh5 Qe7 16. Rfe1 Be5 17. c3 Rad8 18. Re3 Rd2 19. Re2 Rxe2 20. Qxe2 Rd8 21. g3 Qf6 22. Rf1 c5 23. a3 g6 24. Kg2 Qc6 25. f3 Bg7 26. Qc2 Bh6 27. Rf2 Rd6 28. Kh3 Qd7+ 29. Kg2 Rd2 30. Qxd2 Qxd2 31. Rxd2 Bxd2 32. g4 Bc1 33. e5 Bxb2 34. f4 Bxa3 35. Kf3 Bb2 36. Ke4 Bxc3 37. f5 gxf5+ 38. gxf5 a5 39. Kd5 Bxe5 40. Kxe5 a4 41. Kd5 a3 42. Kxc5 a2 43. Kb6 a1Q 44. c5 Qb1+ 45. Ka7 Kf8 46. h4 Ke7 47. Kb8 Kd7 48. h5 b6 49. c6+ Kxc6 50. f6 Qa1 51. h6 Qe5+ 52. Ka8 Qe8+ 53. Ka7 Qd7+ 0-1